Southville International School and Colleges
Your cart is empty.
  • Cart
  • Lists
    Public lists Eva Luna New books Lux_list list_1
    Your lists Log in to create your own lists
  • Log in to your account
  • Your cookies
  • Search history
Southville International School and Colleges
  • Advanced search
  • Recent comments
  • Most popular
  • Libraries

Log in to your account

Log in with GOOGLE


If you do not have an external account, but do have a local account, you can still log in:

  1. Home
  2. MARC view: Jane Eyre /
Normal view MARC view ISBD view

Jane Eyre / (Record no. 8075)

[ view plain ]
MARC details
000 -LEADER
fixed length control field 00941nam a22003377a 4500
003 - CONTROL NUMBER IDENTIFIER
control field OSt
005 - DATE AND TIME OF LATEST TRANSACTION
control field 20140310182007.0
008 - FIXED-LENGTH DATA ELEMENTS--GENERAL INFORMATION
fixed length control field 030102s2003 nju 000 0 n/a
010 ## - LIBRARY OF CONGRESS CONTROL NUMBER
LC control number 2003100037
020 ## - INTERNATIONAL STANDARD BOOK NUMBER
International Standard Book Number 1853260207
035 ## - SYSTEM CONTROL NUMBER
System control number (DLC) 2003100037
040 ## - CATALOGING SOURCE
Original cataloging agency DLC
Transcribing agency DLC
042 ## - AUTHENTICATION CODE
Authentication code pcc
-- lcac
050 ## - LIBRARY OF CONGRESS CALL NUMBER
Classification number PR 4167
Item number .B869 1999
082 ## - DEWEY DECIMAL CLASSIFICATION NUMBER
Classification number CLA B78j
Item number 1999
100 1# - MAIN ENTRY--PERSONAL NAME
Personal name Bronte, Charlotte.
9 (RLIN) 3109
245 10 - TITLE STATEMENT
Title Jane Eyre /
Statement of responsibility, etc Charlotte Bronte.
260 ## - PUBLICATION, DISTRIBUTION, ETC. (IMPRINT)
Place of publication, distribution, etc Hertfordshire :
Name of publisher, distributor, etc Wordsworth Editions,
Date of publication, distribution, etc c1999.
300 ## - PHYSICAL DESCRIPTION
Extent 410 p.
Dimensions 20 cm.
440 ## - SERIES STATEMENT/ADDED ENTRY--TITLE
Title The townsend library ;
9 (RLIN) 2892
541 ## - IMMEDIATE SOURCE OF ACQUISITION NOTE
-- 1
541 ## - IMMEDIATE SOURCE OF ACQUISITION NOTE
-- 2
541 ## - IMMEDIATE SOURCE OF ACQUISITION NOTE
-- 3
562 ## - COPY AND VERSION IDENTIFICATION NOTE
Number of copies 3
650 ## - SUBJECT ADDED ENTRY--TOPICAL TERM
Topical term or geographic name as entry element International Baccalaureate
9 (RLIN) 127
650 ## - SUBJECT ADDED ENTRY--TOPICAL TERM
Topical term or geographic name as entry element BrontB Charlotte, 1816-1855. Jane Eyre
9 (RLIN) 3110
650 ## - SUBJECT ADDED ENTRY--TOPICAL TERM
Topical term or geographic name as entry element Classics
9 (RLIN) 2808
906 ## - LOCAL DATA ELEMENT F, LDF (RLIN)
a 0
b ibc
c orignew
d 2
e epcn
f 20
g y-gencatlg
942 ## - ADDED ENTRY ELEMENTS (KOHA)
Source of classification or shelving scheme Library of Congress Classification
Koha item type
Call number prefix
Holdings
Withdrawn status Lost status Source of classification or shelving scheme Damaged status Home library Current library Shelving location Date acquired Total Checkouts Full call number Barcode Date last seen Copy number Price effective from Koha item type Date checked out
    Library of Congress Classification   Luxembourg Library Luxembourg Library Classic Section 07/29/2013   PR 4167 .B869 1999 13593 05/25/2015 1 07/29/2013 Books  
    Library of Congress Classification   Luxembourg Library Luxembourg Library Classic Section 07/29/2013 5 PR 4167 .B869 1999 13594 03/06/2024 2 07/29/2013 Books 02/21/2024
    Library of Congress Classification   Luxembourg Library Luxembourg Library Classic Section 07/29/2013   PR 4167 .B869 1999 13592 05/25/2015 3 07/29/2013 Books  

Jane Eyre /

APA

Bronte C., . (1999). Jane Eyre. Hertfordshire: Wordsworth Editions.

Chicago

Bronte Charlotte, . 1999. Jane Eyre. Hertfordshire: Wordsworth Editions.

Harvard

Bronte C., . (1999). Jane Eyre. Hertfordshire: Wordsworth Editions.

MLA

Bronte Charlotte, . Jane Eyre. Hertfordshire: Wordsworth Editions. 1999.

  • Place hold
  • Print
  • Cite
  • Add to your cart (remove)
  • Save record
    BIBTEX Dublin Core MARCXML MARC (non-Unicode/MARC-8) MARC (Unicode/UTF-8) MARC (Unicode/UTF-8, Standard) MODS (XML) RIS
  • More searches
    Search for this title in:
    Other Libraries (WorldCat) Other Databases (Google Scholar) Online Stores (Bookfinder.com) Open Library (openlibrary.org)

Exporting to Dublin Core...

SOUTHVILLE LIBRARY

Southville International School and Colleges Library

1281 Tropical Ave. Cor. Luxembourg St., BF Homes International, Las Pinas City

Tel. No. 8256374 / 252358 Loc. 117/146

Powered by Koha